• 首页
  • 本馆介绍
  • 公告通知
  • 最新文献
  • 馆藏检索
  • 电子资源
  • 读者导购
  • 参考咨询
  • 我的图书馆
  • 登录
  • 详细信息显示
  • 放入我的书架
  • 预约/预借图书
  • 作者相关作品
  • 分类相关作品
  • 丛书相关作品
  • 出版社相关作品

书目信息

  • 表格格式
  • 工作单格式
  • 卡片格式
题名:
拉丁美洲史
    
 
作者: 托马斯 著 ;寿进文 译 ;复旦大学历史系拉丁美洲研究室 校
分册: 第一册  
出版信息: 北京   商务印书馆  1973.12
页数: 406页
开本: 20cm
丛书名:
单 册:
中图分类: K73
科图分类:
主题词: 拉丁美洲--历史
电子资源:
ISBN:
000 00770nam0 2200241 45
001 0212181564
005 20031219104102.4
010    @dCNY4.60
091    @a11017.305
100    @a20021218d1973 km y0chiy0120 ea
101 0  @achi
105    @a z 000yy
200 1  @a拉丁美洲史@ALa Ding Mei Zhou Shi@h第一册@f(美)艾·巴·托马斯著@F(Mei)Ai·Ba·Tuo Ma Si Zhu@g寿进文译@g复旦大学历史系拉丁美洲研究室校
210    @a北京@c商务印书馆@d1973.12
215    @a406页@d20cm
300    @a内部读物
606 0  @a拉丁美洲@x历史
690    @aK73@v3
701  0 @a托马斯@4著
702  0 @a寿进文@AShou Jin Wen@4译
712 02 @a复旦大学历史系拉丁美洲研究室@AFu Dan Da Xue Li Shi Xi La Ding Mei ZhouYan Jiu Shi@4校
801    @aCN@bTSTC@c20021218
905    @f1@b219236@dK73@e3:1
    
    拉丁美洲史.第一册/(美)艾·巴·托马斯著/寿进文译/复旦大学历史系拉丁美洲研究室校.-北京:商务印书馆,1973.12
    406页;20cm
    内部读物
    
    ISBN :CNY4.60
    
●
相关链接 在E读中查询图书 在五车中查询图书 在当当中查询图书 在豆瓣中查询图书


正题名:拉丁美洲史     索取号:K73/3:1         预约/预借

序号 登录号 条形码 馆藏地/架位号 状态 备注
1 0219236   001749754   第二样本阅览室/ [索取号:K73/3:1] 在馆    
唐山师范学院图书馆 欢迎您!
大连网信软件有限公司© 版权所有